000
00282nam a22001217a 4500
020
_a
0-07-015821-5
082
_a
004 DAV'I
100
_a
DAVIS, G.B
_9
78590
245
_a
INTRODUCTION TO ELECTRONIC COMPUTER
260
_a
NEWYORK
_b
MCGRAW HILL
_c
1917
300
_a
683P
942
_c
BK
999
_c
583698
_d
583698